[Event "23rd Hogeschool Zeeland Open 2019"]
[Site "Vlissingen"]
[Date "2019.08.06"]
[Round "5.3"]
[White "L'Ami, Erwin"]
[Black "Grochal, Joey"]
[Result "1-0"]
[WhiteElo "2633"]
[BlackElo "2313"]
[Annotator "TA"]
[PlyCount "85"]
[EventDate "2019.08.03"]
[EventType "swiss"]
[EventCountry "NED"]
[SourceTitle "playchess.com"]
[Source "ChessBase"]
[SourceQuality "1"]

{[%evp 20,85,10,0,25,14,38,36,47,17,22,22,70,43,65,60,76,44,97,90,147,137,186,161,217,214,216,209,217,146,162,154,150,149,148,154,155,88,89,81,83,85,103,95,96,108,97,97,99,97,89,98,95,64,158,147,154,137,145,0,0,0,167,156,179,182,187,182]} 1. Nf3 Nf6 2. c4 e6 3. Nc3 d5 4. d4 Be7 5. Bg5 O-O 6. e3 h6 7. Bh4 b6 8. Be2 Bb7 9. Bxf6 Bxf6 10. cxd5 exd5 11. b4 a6 {D58: Queen's Gambit Declined: Tartakower Defence} (11... c5 12. bxc5 bxc5 13. Rb1 Bc6 14. O-O Nd7 15. Bb5 Qc7 16. Qd3 Rfd8 17. Bxc6 Qxc6 18. Qb5 Qxb5 19. Nxb5 cxd4 20. Nfxd4 Rdc8 {½-½ (20) Khenkin,I (2546)-Ponomariov,R (2663) Germany 2019}) 12. Qb3 Qd6 13. O-O Rd8 {White is slightly better.} 14. a4 a5 15. b5 Nd7 16. Rfd1 $146 ({Predecessor:} 16. Rfc1 Nf8 17. Ne1 Ne6 18. Nd3 g5 19. Bf3 {0-1 (26) Haider,B (2275)-Streich,G Velden 1996}) 16... Nf8 17. Bf1 Ne6 18. Rac1 g5 (18... Ng5 $14) 19. Ne2 $16 g4 {[#]} ({Black should play} 19... Ng7) 20. Ne1 $1 Ng7 21. Rc3 Rd7 (21... c5 {was worth a try.}) 22. Rdc1 Re8 23. Qc2 Bd8 24. Ng3 Qf6 25. Nd3 Rd6 26. Nf4 Qg5 27. Bd3 Re7 28. Nf5 (28. Be2 $142) 28... Nxf5 29. Bxf5 Rf6 30. Bh7+ Kg7 31. g3 h5 32. h4 gxh3 33. Kh2 ({Stronger than} 33. Nxh3 Qg4 $15) 33... Bc8 34. Rg1 Bg4 35. Bd3 Kf8 36. Rc6 Bf3 (36... Rxc6 $14 37. Qxc6 Rd7) 37. Rxf6 Qxf6 38. Be2 Be4 39. Qc6 (39. Qc1 $16) 39... Qxc6 $11 40. bxc6 Bg2 $2 {[#]} (40... Re8 $11 {and Black has nothing to worry.}) 41. Bxh5 $18 {White is clearly better.} Kg7 42. Nxg2 ({Don't play} 42. Nxh3 $6 Be4 $14) 42... hxg2 43. Bf3 {Accuracy: White = 65%, Black = 35%.} ({But not} 43. Kxg2 Re6 $16) 1-0

[Event "23rd Hogeschool Zeeland Open 2019"]
[Site "Vlissingen"]
[Date "2019.08.06"]
[Round "5.4"]
[White "Ikonnikov, Vyacheslav"]
[Black "Nebolsina, Vera"]
[Result "1-0"]
[WhiteElo "2499"]
[BlackElo "2269"]
[Annotator "ChessBase"]
[PlyCount "43"]
[EventDate "2019.08.03"]
[EventType "swiss"]
[EventCountry "NED"]
[SourceTitle "playchess.com"]
[Source "ChessBase"]
[SourceQuality "1"]
[TimeControl "40/5400+30:1800+30"]

1. Nf3 {[%emt 0:00:00]} g6 {[%emt 0:00:00]} 2. c4 {[%emt 0:00:00]} Bg7 {[%emt 0:00:00]} 3. Nc3 {[%emt 0:00:19]} e5 {[%emt 0:06:41]} 4. d4 {[%emt 0:02:37]} exd4 {[%emt 0:00:20]} 5. Nxd4 {[%emt 0:01:31]} Nc6 {[%emt 0:02:12]} 6. Nxc6 {[%emt 0:00:57]} bxc6 {[%emt 0:00:07]} 7. g3 {[%emt 0:02:11]} Bxc3+ {[%emt 0:26:19]} 8. bxc3 {[%emt 0:00:11]} Qf6 {[%emt 0:00:12]} 9. Qd3 {[%emt 0:15:37]} Ba6 {[%emt 0:10:35]} 10. Bh3 {[%emt 0:02:40]} d6 {[%emt 0:06:14]} 11. Be3 {[%emt 0:01:54]} Qe7 {[%emt 0:02:56]} 12. Bd4 {[%emt 0:09:03]} f6 {[%emt 0:00:27]} 13. Qf3 {[%emt 0:00:46]} d5 {[%emt 0:03:01]} 14. cxd5 {[%emt 0:00:14]} cxd5 {[%emt 0:02:02]} 15. O-O {[%emt 0:00:08]} Rd8 {[%emt 0:04:23]} 16. Rfe1 {[%emt 0:02:00]} Bb7 {[%emt 0:03:10]} 17. Rab1 {[%emt 0:00:51]} Ba8 {[%emt 0:02:33]} 18. Rb5 {[%emt 0:01:03]} h5 {[%emt 0:03:08]} 19. Ra5 {[%emt 0:02:23]} h4 {[%emt 0:01:46]} 20. Rxa7 {[%emt 0:00:33]} Rh5 {[%emt 0:06:40]} 21. Bg4 {[%emt 0:03:52]} Rh7 {[%emt 0:00:07]} 22. Rxa8 {[%emt 0:01:16]} 1-0

[Event "23rd Hogeschool Zeeland Open 2019"]
[Site "Vlissingen"]
[Date "2019.08.06"]
[Round "5.5"]
[White "Van Baar, Esper"]
[Black "Harika, Dronavalli"]
[Result "0-1"]
[WhiteElo "2108"]
[BlackElo "2492"]
[Annotator "RC"]
[PlyCount "80"]
[EventDate "2019.08.03"]
[EventType "swiss"]
[EventCountry "NED"]
[SourceTitle "playchess.com"]
[Source "ChessBase"]
[SourceQuality "1"]
[TimeControl "40/5400+30:1800+30"]

1. e4 {[%emt 0:00:00]} e6 {[%emt 0:00:00]} 2. d4 {[%emt 0:00:00]} d5 {[%emt 0:00:00]} 3. Nd2 {[%emt 0:00:00]} c5 {[%emt 0:00:13]} 4. Ngf3 {[%emt 0:00:53]} cxd4 {[%emt 0:00:27]} 5. exd5 {[%emt 0:00:15]} Qxd5 {[%emt 0:00:13]} 6. Bc4 {[%emt 0:00:16]} Qd7 {[%emt 0:00:24]} 7. O-O {[%emt 0:02:20]} Nc6 {[%emt 0:00:21]} 8. Nb3 {[%emt 0:00:59]} Nf6 {[%emt 0:00:18]} 9. Nbxd4 {[%emt 0:00:23]} Nxd4 {[%emt 0:00:12]} 10. Nxd4 {[%emt 0:00:08]} a6 {[%emt 0:00:09]} 11. Re1 {[%emt 0:02:00]} Bc5 {[%emt 0:00:58]} 12. Be3 {[%emt 0:13:19]} O-O {[%emt 0:01:53]} 13. Nf3 {[%emt 0:03:09]} Qc7 {[%emt 0:07:29]} 14. Bb3 {[%emt 0:05:36]} b5 {[%emt 0:11:07]} 15. Bxc5 {[%emt 0:05:28]} Qxc5 {[%emt 0:00:15]} 16. Qd4 {[%emt 0:05:48]} Qxd4 {[%emt 0:02:00]} 17. Nxd4 {[%emt 0:00:05]} Bb7 {[%emt 0:02:31]} 18. c3 {[%emt 0:06:07]} Rfd8 {[%emt 0:03:12]} 19. Red1 {[%emt 0:04:02]} g6 {[%emt 0:04:55]} 20. a4 {[%emt 0:11:35]} bxa4 {[%emt 0:05:34]} 21. Rxa4 {[%emt 0:10:35]} Rab8 {[%emt 0:05:18]} 22. Rb4 {[%emt 0:06:32]} Ba8 {[%emt 0:18:34]} 23. Rxb8 {[%emt 0:01:02]} Rxb8 {[%emt 0:00:08]} 24. Bc4 {[%emt 0:03:21]} Rxb2 {[%emt 0:04:19]} 25. Bxa6 {[%emt 0:11:58]} Kg7 {[%emt 0:02:09]} 26. f3 {[%emt 0:00:53]} e5 {[%emt 0:08:35]} 27. Ne2 {[%emt 0:00:23]} e4 {[%emt 0:01:58]} 28. fxe4 {[%emt 0:00:34]} Nxe4 {[%emt 0:00:09]} 29. Rc1 {[%emt 0:04:38]} Rd2 {[%emt 0:05:07]} 30. Kf1 {[%emt 0:00:25]} Kh6 {[%emt 0:01:34]} 31. Ke1 {[%emt 0:01:26]} Rb2 {[%emt 0:01:06]} 32. Rd1 {[%emt 0:01:18]} Nc5 {[%emt 0:02:20]} 33. Bc4 {[%emt 0:00:04]} Bxg2 {[%emt 0:00:46]} 34. Bxf7 {[%emt 0:00:54]} Bf3 {[%emt 0:01:04]} 35. Bc4 {[%emt 0:00:24]} Ne4 {[%emt 0:00:32]} 36. Rc1 {[%emt 0:00:36]} Kg5 {[%emt 0:03:11]} 37. Nd4 {[%emt 0:00:30]} Kf4 {[%emt 0:01:33]} 38. Nxf3 {[%emt 0:00:29]} Kxf3 {[%emt 0:00:05]} 39. Bd5 {[%emt 0:00:19]} Rxh2 {[%emt 0:00:27]} 40. Bc4 {[%emt 0:00:44]} Rh1+ {[%emt 0:00:15]} 0-1

[Event "23rd Hogeschool Zeeland Open 2019"]
[Site "Vlissingen"]
[Date "2019.08.06"]
[Round "5.6"]
[White "Romanishin, Oleg M"]
[Black "Timmermans, Ivo"]
[Result "1-0"]
[WhiteElo "2443"]
[BlackElo "2168"]
[Annotator "TA"]
[PlyCount "145"]
[EventDate "2019.08.03"]
[EventType "swiss"]
[EventCountry "NED"]
[SourceTitle "playchess.com"]
[Source "ChessBase"]
[SourceQuality "1"]

{[%evp 18,145,21,16,17,-8,-11,-14,21,17,18,0,0,-43,-6,-6,52,52,52,43,51,51,51,51,51,51,51,51,56,51,51,51,71,71,73,63,63,0,87,56,56,56,87,58,119,91,121,118,119,118,119,119,119,99,106,84,120,74,90,90,90,90,90,75,98,87,138,131,128,97,153,153,148,139,131,131,105,21,21,21,21,21,21,21,21,21,21,0,21,21,21,21,21,21,21,21,21,21,21,21,21,0,21,0,21,21,21,0,21,21,21,21,21,21,23,21,383,332,29981,29982,29982,29983,29986,29987,29987,29988,29988,29989,29989,29990]} 1. d4 Nf6 2. Nf3 d5 3. c4 e6 4. g3 Be7 5. Bg2 O-O 6. O-O dxc4 7. Qc2 a6 8. a4 Bd7 9. Qxc4 Bc6 10. Bf4 Bd6 {E05: Open Catalan: 5 Nf3 Be7} 11. Nc3 (11. Qc1 Bd5 12. Nc3 Nc6 13. Rd1 Nb4 14. Bg5 Be7 15. Nxd5 exd5 16. a5 Nc6 17. Ne5 Na7 18. Nd3 Nb5 19. Ra4 c6 20. Qc2 Re8 21. Bc1 Rc8 {½-½ (21) Fedoseev,V (2714)-Aronian,L (2765) Germany 2019}) 11... Bxf4 12. gxf4 Nd5 {The position is equal.} 13. e3 Nd7 $146 ({Predecessor:} 13... Nxc3 14. bxc3 Nd7 15. Qd3 Nf6 16. Ne5 Bxg2 17. Kxg2 Qd5+ 18. Kg1 {0-1 (50) Fernandez Sanchez,M (2101)-Castillo Trujillo,I (2057) San Jose 2012}) 14. Ne2 a5 15. b3 Qe7 16. Rac1 f5 (16... N5b6 $11 17. Qc2 Bxf3 18. Bxf3 c6) 17. Ne5 $14 Nxe5 18. dxe5 Nb6 19. Qc5 $1 {[%cal Rc5e7]} Qxc5 20. Rxc5 Bxg2 $1 21. Kxg2 c6 $1 22. Rd1 Nd5 23. Kf3 Kf7 24. h4 Ke7 25. h5 Rfd8 26. Rg1 Kf7 27. Rd1 Ke7 $1 28. h6 g6 $1 29. Ng1 Rd7 30. Nh3 Nb6 (30... Kd8 $1 $14) 31. Rcc1 (31. Rxd7+ {seems wilder.} Nxd7 32. Rc4 Nf8 33. Ng5 Ra6 34. Rc1) 31... Rxd1 32. Rxd1 $16 {[%mdl 4096] Endgame KRN-KRN} Nd7 33. Ng5 Nf8 34. Ke2 Rd8 35. Rc1 Rd5 36. Rc4 Rd8 37. f3 Rd5 38. e4 Rd8 39. Rc5 Ra8 40. Kd2 Nd7 41. Rc1 Nf8 ({Black should play} 41... Rd8) 42. Kc3 Rd8 43. Rb1 Rd7 {[#]} (43... fxe4 $142 44. fxe4 c5) 44. b4 $1 axb4+ 45. Rxb4 Kd8 46. a5 Kc7 47. Rd4 ({White should try} 47. Rb1 $16) 47... Rxd4 $11 48. Kxd4 {KN-KN} b6 49. axb6+ Kxb6 50. Kc4 Kc7 51. Nf7 Nd7 52. Ng5 Nf8 53. Kc5 Nd7+ 54. Kb4 Nf8 55. Ka5 Kb7 $1 56. Nf7 Kc7 57. Nd6 Nd7 58. Ne8+ Kb7 $1 59. Nd6+ Kc7 60. Nf7 Nf8 $1 61. Ka6 Nd7 62. Ka5 Nf8 $1 63. Ka4 Kb6 {White must now prevent ...Kc5.} 64. Kb4 Kc7 65. Nd6 Nd7 66. Ne8+ Kd8 $2 {[%mdl 8192] [#]} (66... Kb6 $11 {and Black is okay.}) 67. Nf6 $1 $18 {[%cal Rf6h7]} Nxf6 $2 (67... c5+ $18 68. Ka4 Nf8) 68. exf6 {White mates.} fxe4 69. fxe4 {KP-KP} e5 70. fxe5 Kd7 71. f7 Ke7 {[#]} 72. e6 $1 {[%mdl 512]} g5 (72... Kxe6 73. f8=Q) 73. Kc5 {Accuracy: White = 67%, Black = 56%.} 1-0

[Event "23rd Hogeschool Zeeland Open 2019"]
[Site "Vlissingen"]
[Date "2019.08.06"]
[Round "5.7"]
[White "Ortiz Suarez, Isan Reynaldo"]
[Black "Lacrosse, Marc"]
[Result "1-0"]
[WhiteElo "2551"]
[BlackElo "2189"]
[Annotator "TA"]
[PlyCount "113"]
[EventDate "2019.08.03"]
[EventType "swiss"]
[EventCountry "NED"]
[SourceTitle "playchess.com"]
[Source "ChessBase"]
[SourceQuality "1"]

{[%evp 22,113,31,32,34,30,33,34,35,22,32,23,33,35,39,37,37,34,34,34,34,33,39,39,45,45,45,45,45,34,39,39,38,21,43,8,8,9,7,12,19,4,8,2,2,5,7,7,0,0,6,-7,0,0,0,0,0,0,8,7,8,8,8,8,6,15,24,26,14,2,2,2,13,13,13,12,25,25,25,26,32,28,31,30,32,33,31,43,34,14,387,387,378,370]} 1. Nf3 d5 2. c4 e6 3. g3 Nf6 4. Bg2 Be7 5. O-O O-O 6. d4 dxc4 7. Qc2 a6 8. a4 Nc6 9. Qxc4 Qd5 10. Nbd2 Rd8 11. e3 Qxc4 12. Nxc4 Rb8 {E05: Open Catalan: 5 Nf3 Be7} 13. Bd2 Ne4 14. Rfc1 Nxd2 {[#] White is slightly better.} 15. Ncxd2 $146 ({Predecessor:} 15. Nfxd2 Nb4 16. Nb3 f6 17. Ncd2 c6 18. Nc4 Nd5 19. a5 Kf7 20. h4 {½-½ (34) Ftacnik,L (2610)-Beliavsky,A (2620) Yerevan 1996}) 15... Bd7 16. Nb3 Rdc8 17. Nc5 Be8 18. Nd2 Bxc5 19. Rxc5 Nb4 20. a5 Bb5 21. Rc3 Kf8 22. Ne4 Ke7 23. Rb3 Nd5 24. Nc5 c6 25. Rc1 Rd8 26. h4 Nf6 27. Bf3 Nd7 28. Ne4 e5 29. Nc3 exd4 30. exd4 Nf6 31. d5 Bc4 32. Re1+ Kf8 $1 33. dxc6 Bxb3 34. c7 {[%mdl 64] [#] Double Attack} Rdc8 35. cxb8=Q Rxb8 36. g4 h6 37. g5 hxg5 38. hxg5 Nd7 39. Re3 Nc5 40. Nd5 Bxd5 41. Bxd5 $11 {[%mdl 4096] Endgame KRB-KRN} Rd8 42. Bf3 Rd7 43. Kf1 Ne6 44. Rb3 Nd8 $1 45. g6 fxg6 46. Rb6 Rf7 47. Be4 Rf6 48. Rb3 Rf7 49. Bxg6 Rc7 50. Re3 {[%csl Gg6][%cal Re3e8] [#]} Re7 51. Rf3+ Kg8 52. b4 Nc6 53. Rf4 Rd7 54. Ke2 Rd6 55. Bd3 Rf6 $2 {[%mdl 8192]} (55... Ne5 $11 {and Black has nothing to worry.} 56. Be4 Nc6) 56. Rxf6 $18 gxf6 57. Be4 {Accuracy: White = 74%, Black = 56%.} 1-0

[Event "23rd Hogeschool Zeeland Open 2019"]
[Site "Vlissingen"]
[Date "2019.08.06"]
[Round "5.8"]
[White "Hausrath, Daniel"]
[Black "Sparenberg, Erik"]
[Result "1-0"]
[WhiteElo "2468"]
[BlackElo "2146"]
[Annotator "TA"]
[PlyCount "105"]
[EventDate "2019.08.03"]
[EventType "swiss"]
[EventCountry "NED"]
[SourceTitle "playchess.com"]
[Source "ChessBase"]
[SourceQuality "1"]

{[%evp 12,105,0,-9,-7,-16,-11,-24,-8,-23,10,0,8,-24,12,-11,0,-4,40,7,44,23,61,51,86,52,56,63,57,66,59,71,50,12,12,12,12,12,12,12,10,6,90,87,92,72,92,82,88,36,43,0,0,0,0,0,0,0,0,0,0,0,0,0,0,0,0,0,0,0,0,0,0,0,0,0,0,-8,-10,-8,-8,-8,110,110,105,105,91,88,100,108,131,128,359,359,6211,6104]} 1. Nf3 g6 2. g3 Bg7 3. Bg2 c5 4. O-O Nc6 5. d3 Nf6 6. c3 O-O 7. a3 Qc7 {A05: Réti Opening: 1 Nf3 Nf6} (7... a5 8. a4 d5 9. Na3 e5 10. e4 h6 11. exd5 Nxd5 12. Re1 Be6 13. Nc4 Qc7 14. Qe2 Rfe8 15. Bd2 Bf5 16. Nh4 Be6 17. Nf3 Bf5 18. Nh4 Be6 19. Nf3 Bf5 {½-½ (19) Miroshnichenko,E (2606)-Shimanov,A (2620) Saint Louis 2018}) 8. b4 b6 9. Bb2 Bb7 {Black has an edge.} 10. Nbd2 d6 11. Qb3 $146 ({Predecessor:} 11. e4 Ne5 12. Ne1 Ned7 13. f4 e5 14. d4 exf4 15. gxf4 {½-½ (30) Vujadinovic,G (2360)-Feher,G (2375) Budapest 1991}) 11... Rab8 12. Rac1 e6 13. Rfe1 Nd7 14. d4 e5 15. e4 Ne7 16. a4 Rbc8 17. Bh3 c4 18. Qxc4 (18. Qd1 {is interesting.} a6 19. b5 Rcd8 20. Qe2 axb5 21. axb5 d5 22. exd5 Bxd5 23. Bxd7 Rxd7 24. Nxe5 Bxe5 25. Qxe5 Qxe5 26. Rxe5 f6 27. Re2) 18... Qxc4 19. Nxc4 Rxc4 20. Bxd7 exd4 21. Nxd4 Nc6 {[%cal Be7c6,Bc6e5,Be5f3][%mdl 32]} 22. Ne6 Ne5 $1 {[%cal Re5d7]} 23. Nxf8 Nf3+ 24. Kg2 Nxe1+ 25. Rxe1 {Strongly threatening Bb5.} Kxf8 26. f3 Bc6 (26... a6 $11) 27. Bxc6 $16 Rxc6 {[%mdl 4096] Endgame KRB-KRB} 28. Rd1 Ke7 29. Kf1 Kd7 30. Rc1 ({White should play} 30. Rd3 $16) 30... a5 $14 31. b5 Rc4 32. Ra1 Rc5 33. Ra3 d5 $1 34. exd5 Rxd5 {White must now prevent ...Rd2.} 35. Ke2 Rh5 36. h4 g5 37. g4 Rxh4 {...Rh2+ is the strong threat.} 38. Bc1 Rh2+ 39. Kd3 Bf8 40. Rb3 Rf2 41. Ke4 Ra2 42. Bxg5 Rxa4+ 43. Kd5 Ra1 44. Be3 a4 45. Rb2 a3 46. Rd2 a2 (46... Rb1 $11) 47. Kc4+ $1 $16 ({Not} 47. Bxb6 $2 Bh6 $19) 47... Kc7 48. Kb3 Rb1+ 49. Kxa2 Rxb5 {[#]} 50. Rh2 $1 {[%cal Rh2h7]} h6 51. Bxh6 Bxh6 $2 (51... Bd6 $16 {might work better.} 52. Rh5 Kc6) 52. Rxh6 $18 Kd7 $2 {[#]} (52... Rd5 53. Rf6 Rd7) 53. Rh5 $1 {Accuracy: White = 52%, Black = 50%.} 1-0

[Event "23rd Hogeschool Zeeland Open 2019"]
[Site "Vlissingen"]
[Date "2019.08.06"]
[Round "5.9"]
[White "Leenhouts, Koen"]
[Black "Berghuis, Marten"]
[Result "1-0"]
[WhiteElo "2426"]
[BlackElo "2031"]
[Annotator "TA"]
[PlyCount "67"]
[EventDate "2019.08.03"]
[EventType "swiss"]
[EventCountry "NED"]
[SourceTitle "playchess.com"]
[Source "ChessBase"]
[SourceQuality "1"]

{[%evp 20,67,46,44,74,57,94,81,111,111,110,102,109,92,109,82,83,70,100,79,118,119,135,116,113,112,209,189,214,233,225,202,408,412,420,307,307,281,666,663,662,639,500,640,614,653,611,634,1275,1265]} 1. d4 Nf6 2. c4 c5 3. d5 e6 4. Nc3 exd5 5. cxd5 d6 6. e4 g6 7. Nge2 Bg7 8. Ng3 O-O 9. Be2 a6 10. a4 Nbd7 11. O-O Qc7 {A65: Modern Benoni: 6 e4} (11... Re8 12. f3 Rb8 13. Be3 h5 14. Qd2 Nh7 15. Bh6 Bd4+ 16. Be3 Bg7 17. Rfd1 h4 18. Nf1 h3 19. g3 b5 20. axb5 axb5 21. Nxb5 Ne5 {1-0 (46) Ivanchuk,V (2776)-Andreikin,D (2687) Havana 2011}) 12. Be3 Ne5 13. h3 h6 $146 {White is better.} ({Predecessor:} 13... Rb8 14. Qd2 Re8 15. Bg5 Ned7 16. Bh6 c4 17. Bxg7 Kxg7 18. Qd4 {0-1 (69) Ivanovic,D (2297)-Sevic,S (2144) Kragujevac 2015}) 14. Qd2 Kh7 15. f4 Ned7 16. Rae1 Rb8 17. Kh1 Re8 18. Bc4 {aiming for e5!} Qa5 19. Qd3 Qd8 20. Bd2 Ng8 21. Ba2 Qh4 22. e5 dxe5 {[#]} (22... c4 $16 23. Qxc4 (23. Bxc4 dxe5 24. Nge2 f5 $16) 23... b5 24. axb5 (24. Qd3 Nc5 $16) 24... dxe5) 23. f5 $1 $18 {Bb1 is the strong threat.} Ndf6 24. Nce4 g5 25. d6 ({Resist} 25. Nxc5 $6 b6 $16) 25... Rd8 $2 (25... Bd7 {keeps fighting.} 26. Bxf7 Rf8) 26. Bxf7 Bd7 27. Nxf6+ Nxf6 {[#]} 28. Re4 $1 {[%cal Re4h4]} ({Weaker is} 28. Rxe5 Bc6 $16) 28... Nxe4 $2 (28... Qxg3 29. Qxg3 Nxe4) 29. Nxe4 {Strongly threatening f6.White is clearly winning.} Bc6 30. Bg6+ Kh8 31. f6 Bf8 {next ...Bxe4 is good for Black.} 32. Be1 Bxe4 33. Bxe4 Rxd6 34. Qe2 {Accuracy: White = 72%, Black = 37%.} ({Not} 34. Bxh4 Rxd3 35. Bxd3 gxh4 $11) 1-0

[Event "23rd Hogeschool Zeeland Open 2019"]
[Site "Vlissingen"]
[Date "2019.08.06"]
[Round "5.10"]
[White "De Jong, Migchiel"]
[Black "Reichardt, Gert"]
[Result "1-0"]
[WhiteElo "2345"]
[BlackElo "1987"]
[Annotator "NA"]
[PlyCount "57"]
[EventDate "2019.08.03"]
[EventType "swiss"]
[EventCountry "NED"]
[SourceTitle "playchess.com"]
[Source "ChessBase"]
[SourceQuality "1"]
[TimeControl "40/5400+30:1800+30"]

1. Nf3 {[%emt 0:00:00]} Nf6 {[%emt 0:00:04]} 2. c4 {[%emt 0:00:05]} e6 {[%emt 0:00:18]} 3. g3 {[%emt 0:00:29]} d5 {[%emt 0:01:22]} 4. Bg2 {[%emt 0:00:38]} c6 {[%emt 0:01:03]} 5. b3 {[%emt 0:05:25]} Nbd7 {[%emt 0:05:43]} 6. Bb2 {[%emt 0:02:53]} Be7 {[%emt 0:00:50]} 7. O-O {[%emt 0:00:19]} b6 {[%emt 0:01:23]} 8. Nc3 {[%emt 0:00:58]} Bb7 {[%emt 0:00:42]} 9. d4 {[%emt 0:01:11]} O-O {[%emt 0:03:38]} 10. Qc2 {[%emt 0:01:30]} Rc8 {[%emt 0:07:30]} 11. Rad1 {[%emt 0:01:28]} Ba6 {[%emt 0:03:14]} 12. Nd2 {[%emt 0:06:35]} Qc7 {[%emt 0:09:26]} 13. e4 {[%emt 0:01:45]} dxe4 {[%emt 0:02:25]} 14. Rfe1 {[%emt 0:08:14]} c5 {[%emt 0:02:54]} 15. d5 {[%emt 0:05:54]} exd5 {[%emt 0:00:52]} 16. cxd5 {[%emt 0:00:08]} Bd3 {[%emt 0:04:41]} 17. Qc1 {[%emt 0:00:07]} c4 {[%emt 0:02:39]} 18. Nxc4 {[%emt 0:04:16]} Bxc4 {[%emt 0:01:27]} 19. bxc4 {[%emt 0:00:14]} Bb4 {[%emt 0:01:12]} 20. Rd4 {[%emt 0:19:07]} Bc5 {[%emt 0:04:01]} 21. d6 {[%emt 0:00:55]} Qb8 {[%emt 0:02:09]} 22. Rdd1 {[%emt 0:02:07]} e3 {[%emt 0:03:47]} 23. fxe3 {[%emt 0:00:15]} Bxd6 {[%emt 0:00:12]} 24. Nb5 {[%emt 0:05:35]} Bc5 {[%emt 0:04:44]} 25. Qc3 {[%emt 0:04:09]} Rfe8 {[%emt 0:05:40]} 26. Rxd7 {[%emt 0:00:50]} Rxe3 {[%emt 0:01:46]} 27. Rxe3 {[%emt 0:00:10]} Re8 {[%emt 0:00:20]} 28. Rd4 {[%emt 0:03:18]} a6 {[%emt 0:02:08]} 29. Na3 {[%emt 0:02:16]} 1-0

[Event "23rd Hogeschool Zeeland Open 2019"]
[Site "Vlissingen"]
[Date "2019.08.06"]
[Round "5.11"]
[White "Mijnster, Niels"]
[Black "Elgersma, Onno"]
[Result "0-1"]
[WhiteElo "2089"]
[BlackElo "2232"]
[Annotator "RC"]
[PlyCount "96"]
[EventDate "2019.08.03"]
[EventType "swiss"]
[EventCountry "NED"]
[SourceTitle "playchess.com"]
[Source "ChessBase"]
[SourceQuality "1"]
[TimeControl "40/5400+30:1800+30"]

1. d4 {[%emt 0:00:00]} Nf6 {[%emt 0:00:00]} 2. Bf4 {[%emt 0:00:00]} d5 {[%emt 0:00:00]} 3. e3 {[%emt 0:00:01]} e6 {[%emt 0:00:00]} 4. Nd2 {[%emt 0:00:12]} c5 {[%emt 0:00:03]} 5. c3 {[%emt 0:00:04]} Nc6 {[%emt 0:00:04]} 6. Ngf3 {[%emt 0:00:17]} cxd4 {[%emt 0:00:50]} 7. exd4 {[%emt 0:00:32]} Nh5 {[%emt 0:00:04]} 8. Bg5 {[%emt 0:00:35]} f6 {[%emt 0:00:21]} 9. Bh4 {[%emt 0:00:20]} Bd6 {[%emt 0:06:34]} 10. Bb5 {[%emt 0:04:23]} O-O {[%emt 0:08:20]} 11. O-O {[%emt 0:11:54]} g6 {[%emt 0:05:27]} 12. Re1 {[%emt 0:03:06]} a6 {[%emt 0:02:58]} 13. Bf1 {[%emt 0:14:52]} b5 {[%emt 0:07:09]} 14. a4 {[%emt 0:09:25]} Rb8 {[%emt 0:00:26]} 15. b4 {[%emt 0:03:39]} g5 {[%emt 0:11:07]} 16. Bg3 {[%emt 0:08:01]} Nxg3 {[%emt 0:00:21]} 17. hxg3 {[%emt 0:00:28]} g4 {[%emt 0:02:52]} 18. Nh4 {[%emt 0:01:12]} f5 {[%emt 0:02:27]} 19. axb5 {[%emt 0:00:22]} axb5 {[%emt 0:00:06]} 20. Nb3 {[%emt 0:05:03]} Qg5 {[%emt 0:04:54]} 21. Qd2 {[%emt 0:06:58]} f4 {[%emt 0:02:08]} 22. Nc5 {[%emt 0:00:55]} Qf6 {[%emt 0:03:18]} 23. Qd3 {[%emt 0:03:57]} Rf7 {[%emt 0:25:52]} 24. Ra2 {[%emt 0:08:49]} Kg7 {[%emt 0:08:12]} 25. Rae2 {[%emt 0:03:49]} Nd8 {[%emt 0:00:31]} 26. Ra2 {[%emt 0:01:58]} h5 {[%emt 0:02:13]} 27. Kh1 {[%emt 0:02:00]} Kh6 {[%emt 0:02:14]} 28. Raa1 {[%emt 0:03:37]} Kg7 {[%emt 0:02:08]} 29. Be2 {[%emt 0:03:16]} Rb6 {[%emt 0:01:07]} 30. Rf1 {[%emt 0:02:04]} Bb8 {[%emt 0:00:51]} 31. Rae1 {[%emt 0:00:45]} Nc6 {[%emt 0:00:44]} 32. Bd1 {[%emt 0:00:41]} Ne7 {[%emt 0:01:12]} 33. Bc2 {[%emt 0:00:12]} Kh6 {[%emt 0:01:02]} 34. Ra1 {[%emt 0:00:53]} Nf5 {[%emt 0:00:43]} 35. Nxf5+ {[%emt 0:00:31]} exf5 {[%emt 0:00:01]} 36. Rfe1 {[%emt 0:02:03]} fxg3 {[%emt 0:00:16]} 37. fxg3 {[%emt 0:00:08]} f4 {[%emt 0:00:44]} 38. Re8 {[%emt 0:00:21]} fxg3 {[%emt 0:00:26]} 39. Kg1 {[%emt 0:00:38]} Qf2+ {[%emt 0:00:53]} 40. Kh1 {[%emt 0:00:02]} Qf6 {[%emt 0:00:21]} 41. Kg1 {[%emt 0:30:58]} Qf2+ {[%emt 0:06:38]} 42. Kh1 {[%emt 0:00:00]} Bf5 {[%emt 0:00:17]} 43. Re2 {[%emt 0:00:00]} Bxd3 {[%emt 0:00:27]} 44. Rxf2 {[%emt 0:00:00]} gxf2 {[%emt 0:02:23]} 45. Bxd3 {[%emt 0:00:00]} Re7 {[%emt 0:00:21]} 46. Rf1 {[%emt 0:00:00]} Bg3 {[%emt 0:01:02]} 47. Nb3 {[%emt 0:00:00]} Re1 {[%emt 0:00:11]} 48. Nc1 {[%emt 0:00:00]} Rbe6 {[%emt 0:00:20]} 0-1